| 000 | 02556nam a2200469 i 4500 | ||
|---|---|---|---|
| 001 | ebr10967324 | ||
| 003 | CaPaEBR | ||
| 006 | m o d | ||
| 007 | cr cn||||||||| | ||
| 008 | 050128s2005 nyuab ob 001 0 eng|d | ||
| 020 | _z0801442737 (cloth : alk. paper) | ||
| 020 | _z0801489083 (pbk. : alk. paper) | ||
| 020 | _z9780801489082 | ||
| 020 | _a9780801455940 (e-book) | ||
| 040 |
_aCaPaEBR _beng _erda _epn _cCaPaEBR |
||
| 035 | _a(OCoLC)896854650 | ||
| 043 | _ae-ur--- | ||
| 050 | 1 | 4 |
_aDK33 _b.H57 2005eb |
| 082 | 0 | 4 |
_a323.147/09/04 _222 |
| 100 | 1 |
_aHirsch, Francine, _d1967- _eauthor. |
|
| 245 | 1 | 0 |
_aEmpire of nations : _bethnographic knowledge & the making of the Soviet Union / _cFrancine Hirsch. |
| 246 | 1 | 4 |
_aEmpire of nations : _bethnographic knowledge and the making of the Soviet Union |
| 264 | 1 |
_aIthaca : _bCornell University Press, _c2005. |
|
| 300 |
_a1 online resource (388 pages) : _billustrations, maps. |
||
| 336 |
_atext _2rdacontent |
||
| 337 |
_acomputer _2rdamedia |
||
| 338 |
_aonline resource _2rdacarrier |
||
| 490 | 1 | _aCulture & society after socialism | |
| 504 | _aIncludes bibliographical references (pages 337-354) and index. | ||
| 505 | 0 | _aToward a revolutionary alliance -- The national idea versus economic expediency -- The 1926 census and the conceptual conquest of lands and peoples -- Border-making and the formation of Soviet national identities -- Transforming "the peoples of the USSR" : ethnographic exhibits and the evolutionary timeline -- State-sponsored evolutionism and the struggle against German biological determinism -- Ethnographic knowledge and terror. | |
| 588 | _aDescription based on print version record. | ||
| 590 | _aElectronic reproduction. Palo Alto, Calif. : ebrary, 2014. Available via World Wide Web. Access may be limited to ebrary affiliated libraries. | ||
| 650 | 0 |
_aEthnology _zSoviet Union. |
|
| 650 | 0 |
_aMinorities _xGovernment policy _zSoviet Union. |
|
| 651 | 0 |
_aSoviet Union _xEthnic relations. |
|
| 651 | 0 |
_aSoviet Union _xPolitics and government. |
|
| 655 | 0 | _aElectronic books. | |
| 776 | 0 | 8 |
_iPrint version: _aHirsch, Francine. _tEmpire of nations : ethnographic knowledge & the making of the Soviet Union. _dIthaca : Cornell University Press, 2005 _hxviii, 367 pages ; 25 cm _kCulture & society after socialism _z9780801489082 _w(DLC)10967324 |
| 797 | 2 | _aebrary. | |
| 830 | 0 | _aCulture and society after socialism. | |
| 856 | 4 | 0 |
_uhttp://site.ebrary.com/lib/rucke/Doc?id=10967324 _zAn electronic book accessible through the World Wide Web; click to view |
| 999 |
_c28726 _d28726 |
||